Eredivisie: 50+ Goal Contributions (2000-) - Statistics

General Stats
  • This quiz has been taken 10 times
  • The average score is 53 of 175
Answer Stats
Ranking Player Positions Nationality Matches Goals (assists) Periods Clubs % Correct
2 Dušan Tadić MF, FW 295 119 (132) 2010-2013, 2018-2023
100%
1 Luuk de Jong FW 337 192 (82) 2008-2011, 2014-2018, 2022-2025
100%
23 Siem de Jong MF, FW 258 71 (32) 2007-2013, 2016-2017, 2019-2022
100%
6 Hakim Ziyech MF, FW 216 79 (88) 2012-2020
86%
12 Luis Suárez FW 139 91 (52) 2006-2011
86%
22 Sébastien Haller FW 148 77 (27) 2014-2016, 2020-2021, 2024-2025
86%
110 Brian Brobbey FW 115 45 (16) 2020-2025
71%
72 Cody Gakpo MF, FW 106 36 (38) 2017-2023
71%
98 Dave van den Bergh MF, FW 184 29 (37) 2000-2006
71%
99 David Neres MF, FW 121 37 (29) 2016-2022
71%
3 Dirk Kuyt DF, FW 264 142 (74) 2000-2005, 2015-2017
71%
7 Jens Toornstra MF, FW 476 90 (74) 2009-2025
71%
5 Klaas-Jan Huntelaar FW 233 156 (32) 2002-2003, 2004-2008, 2017-2021
71%
8 Lasse Schöne MF 459 85 (70) 2007-2018, 2020-2025
71%
157 Marcus Berg FW 81 40 (12) 2007-2008, 2010-2011
71%
140 Memphis MF, FW 90 39 (16) 2011-2015
71%
4 Steven Berghuis MF, FW 351 116 (93) 2010-2014, 2016-2025
71%
9 Bryan Linssen MF, FW 356 112 (39) 2010-2021, 2024-2025
57%
15 Davy Klaassen MF 252 82 (37) 2011-2016, 2020-2025
57%
27 Dries Mertens MF, FW 127 53 (47) 2009-2013
57%
57 Graziano Pellè FW 135 64 (15) 2007-2010, 2012-2014
57%
129 Henk Veerman FW 182 43 (14) 2014-2017, 2020-2023
57%
42 Joey Veerman MF, FW 175 28 (60) 2019-2025
57%
11 Kenneth Pérez MF, FW 269 88 (58) 2000-2010
57%
40 Mounir El Hamdaoui FW 172 70 (20) 2002-2003, 2006-2010, 2015-2016, 2017-2019
57%
71 Rafael van der Vaart MF 116 52 (23) 2000-2005
57%
14 Ricky van Wolfswinkel MF, FW 249 99 (30) 2007-2010, 2016-2017, 2021-2025
57%
39 Steven Bergwijn MF, FW 169 53 (39) 2014-2019, 2022-2025
57%
28 Theo Janssen MF 332 50 (48) 2000-2014
57%
18 Tim Matavž FW 223 90 (25) 2007-2013, 2017-2020
57%
20 Vangelis Pavlidis MF, FW 165 85 (26) 2018-2024
57%
60 Wesley Sneijder MF 126 43 (34) 2002-2007
57%
67 Willem Janssen DF, MF 409 53 (23) 2007-2022
57%
63 Wout Weghorst FW 148 61 (16) 2014-2017, 2024-2025
57%
175 Afonso Alves MF, FW 39 45 (5) 2006-2008
43%
33 Alireza Jahanbakhsh MF, FW 202 51 (43) 2013-2014, 2015-2017, 2021-2025
43%
164 Arjen Robben MF, FW 108 25 (25) 2000-2003, 2020-2021
43%
35 Bas Dost FW 157 74 (19) 2008-2011, 2022-2024
43%
151 Calvin Stengs MF, FW 119 22 (31) 2016-2020, 2023-2025
43%
85 Christian Eriksen MF, FW 113 25 (44) 2009-2014
43%
159 Donny van de Beek MF, FW 118 28 (23) 2015-2020
43%
44 Georginio Wijnaldum MF, FW 220 64 (22) 2006-2015
43%
19 Jan Vennegoor of Hesselink FW 208 90 (22) 2000-2006, 2011-2012
43%
58 Jefferson Farfán MF, FW 118 57 (21) 2004-2008
43%
106 Jon Dahl Tomasson MF, FW 98 52 (11) 2000-2001, 2008-2010
43%
142 Jordy Clasie MF 334 18 (36) 2010-2014, 2018-2025
43%
84 Jürgen Locadia MF, FW 127 45 (25) 2012-2018
43%
30 Lex Immers MF, FW 304 63 (33) 2008-2015, 2017-2020
43%
104 Luc Castaignos FW 159 54 (10) 2009-2010, 2012-2014, 2017-2018
43%
37 Luciano Narsingh MF, FW 218 38 (54) 2008-2016, 2019-2021
43%
47 Mark van Bommel MF 164 48 (36) 2000-2004, 2012-2013
43%
16 Mateja Kežman FW 122 104 (13) 2000-2004
43%
21 Michiel Kramer FW 291 87 (24) 2008-2009, 2013-2025
43%
100 Nicolai Jørgensen MF, FW 118 48 (18) 2016-2021
43%
56 Ola Toivonen MF, FW 139 61 (18) 2008-2014
43%
91 Oussama Tannane MF, FW 151 35 (33) 2012-2015, 2018-2023
43%
139 Salomon Kalou MF, FW 65 34 (21) 2004-2006
43%
73 Sam Larsson MF, FW 158 37 (37) 2014-2020
43%
149 Santiago Giménez FW 73 45 (9) 2022-2025
43%
124 Tonny Vilhena MF 208 36 (22) 2011-2019
43%
78 Zakaria Labyad MF, FW 187 42 (30) 2009-2011, 2013-2014, 2016-2024
43%
83 Adam Maher MF 259 32 (38) 2010-2015, 2017-2022
29%
89 Alfreð Finnbogason FW 62 53 (16) 2012-2014
29%
17 Anthony Lurling MF, FW 353 64 (52) 2000-2005, 2007-2014
29%
66 Arouna Koné FW 116 47 (29) 2003-2008
29%
55 Balázs Dzsudzsák MF, FW 114 44 (35) 2007-2011
29%
10 Blaise Nkufo FW 223 114 (35) 2003-2010
29%
121 Brett Holman MF, FW 183 34 (25) 2002-2003, 2006-2012
29%
141 Bryan Ruiz MF, FW 79 40 (15) 2009-2011, 2013-2014
29%
90 Danijel Pranjić DF, MF 129 32 (36) 2005-2009
29%
52 Danko Lazović FW 154 52 (29) 2003-2004, 2006-2010
29%
43 Danny Koevermans FW 172 70 (17) 2000-2001, 2005-2010, 2013-2014
29%
107 Davy Pröpper MF 213 32 (29) 2009-2016, 2021-2024
29%
36 Dennis Rommedahl MF, FW 192 33 (59) 2000-2003, 2007-2010
29%
148 Donyell Malen MF, FW 81 40 (14) 2017-2021
29%
134 Eljero Elia MF, FW 198 36 (20) 2004-2008, 2015-2016, 2020-2021
29%
162 Erik Nevland FW 95 43 (8) 2004-2008
29%
45 Everton MF, FW 218 70 (16) 2006-2013
29%
48 Frank Demouge FW 243 66 (18) 2001-2004, 2007-2014
29%
122 Gastón Pereiro MF, FW 118 44 (15) 2015-2020
29%
32 Guus Til MF, FW 200 67 (29) 2016-2018, 2021-2025
29%
102 Hirving Lozano MF, FW 93 44 (21) 2017-2019, 2023-2025
29%
146 Ibrahim Afellay MF, FW 160 35 (19) 2004-2010, 2019-2020
29%
170 Igor Paixão MF, FW 93 32 (18) 2022-2025
29%
25 Jeremain Lens MF, FW 181 56 (46) 2006-2013
29%
150 Kolbeinn Sigþórsson FW 112 46 (8) 2010-2015
29%
95 Lennart Thy MF, FW 172 54 (14) 2017-2021, 2023-2024
29%
168 Leroy Fer MF 204 29 (21) 2007-2012, 2019-2022
29%
38 Maarten Martens MF 207 42 (50) 2004-2014
29%
29 Mads Junker FW 187 65 (32) 2005-2012
29%
50 Marco van Ginkel MF, FW 227 58 (25) 2009-2012, 2015-2017, 2020-2024
29%
120 Mark-Jan Fledderus DF, MF 311 32 (27) 2002-2017
29%
13 Matthew Amoah FW 271 103 (31) 2000-2005, 2007-2011, 2013-2014
29%
26 Michael de Leeuw MF, FW 247 86 (16) 2011-2015, 2018-2022
29%
115 Michel Vlap MF, FW 188 35 (25) 2016-2018, 2021-2025
29%
76 Mike van Duinen MF, FW 282 53 (20) 2011-2020, 2022-2024
29%
158 Oussama Assaidi MF, FW 121 28 (23) 2008-2012, 2016-2018
29%
92 Oussama Idrissi MF, FW 161 40 (28) 2015-2020, 2022-2023
29%
41 Roy Beerens MF, FW 258 43 (46) 2005-2013, 2017-2019
29%
81 Samuel Armenteros FW 183 56 (16) 2009-2014, 2016-2017, 2021-2022
29%
153 Sekou Cissé FW 192 38 (15) 2004-2014
29%
88 Shota Arveladze FW 89 53 (16) 2000-2001, 2005-2007
29%
109 Tjaronn Chery MF, FW 146 37 (24) 2008-2009, 2011-2014, 2023-2024
29%
171 Tobias Lauritsen FW 98 34 (16) 2022-2025
29%
118 Wilfried Bony FW 66 46 (14) 2010-2012, 2021-2022
29%
77 Willie Overtoom MF 159 40 (32) 2008-2014
29%
155 Arnold Bruggink MF, FW 131 33 (19) 2000-2002, 2004-2005, 2010-2011
14%
61 Cristiano FW 183 56 (21) 2000-2008
14%
126 Danny Holla MF 217 30 (27) 2006-2013, 2016-2018
14%
31 Denny Landzaat MF 281 63 (33) 2000-2005, 2007-2013
14%
96 Édouard Duplan MF, FW 250 33 (34) 2007-2018
14%
82 Erik Falkenburg MF, FW 277 63 (9) 2009-2020
14%
105 Gyrano Kerk MF, FW 142 36 (27) 2014-2015, 2016-2022
14%
161 Jacob Mulenga MF, FW 111 38 (13) 2009-2013, 2021-2022
14%
116 Jesper Karlsson FW 89 35 (25) 2020-2023
14%
169 Kennedy Bakircioglü MF 101 29 (21) 2005-2010
14%
152 Kristoffer Peterson MF, FW 179 35 (18) 2014-2019, 2023-2025
14%
145 Lasse Nilsson FW 131 34 (20) 2004-2006, 2008-2011
14%
113 Luigi Bruins MF, FW 249 34 (26) 2006-2011, 2014-2019
14%
114 Martijn Meerdink MF 189 35 (25) 2000-2009
14%
97 Mike Havenaar FW 138 51 (16) 2011-2013, 2015-2017
14%
93 Miralem Sulejmani MF, FW 137 43 (25) 2007-2013
14%
160 Mousa Dembélé MF 151 33 (18) 2005-2010
14%
136 Navarone Foor MF, FW 236 23 (32) 2011-2013, 2015-2019, 2022-2023
14%
75 Nicky Hofs MF 240 49 (24) 2001-2009, 2011-2013
14%
103 Nourdin Boukhari MF 251 45 (20) 2000-2008, 2011-2013
14%
156 Otman Bakkal MF, FW 191 37 (15) 2003-2004, 2006-2011, 2013-2014
14%
70 Pierre van Hooijdonk FW 115 65 (11) 2001-2002, 2005-2007
14%
138 Richard Knopper MF 159 33 (22) 2000-2001, 2003-2006, 2008-2010
14%
24 Rick Hoogendorp FW 203 82 (21) 2000-2006, 2008-2009
14%
34 Robin Nelisse FW 238 74 (20) 2000-2008
14%
54 Romano Denneboom FW 271 55 (25) 2000-2010
14%
173 Roy Makaay FW 83 36 (14) 2007-2010
14%
86 Santi Kolk MF, FW 199 44 (25) 2000-2003, 2006-2009, 2011-2013
14%
123 Sem Steijn MF 96 48 (11) 2018-2019, 2022-2025
14%
128 Simon Cziommer MF 227 33 (24) 2000-2008, 2012-2015
14%
94 Stefaan Tanghe MF 204 47 (21) 2000-2007
14%
79 Tom Caluwé MF 260 43 (29) 2000-2009
14%
163 Urby Emanuelson DF, MF, FW 250 21 (29) 2004-2010, 2017-2021
14%
51 Vito van Crooy MF, FW 203 43 (39) 2017-2025
14%
53 Yannis Anastasiou FW 161 56 (25) 2000-2007
14%
133 Abdenasser El Khayati MF, FW 93 32 (24) 2016-2018, 2020-2022
0%
108 Adil Ramzi MF, FW 203 35 (26) 2000-2006, 2011-2013
0%
117 Ali Boussaboun FW 213 42 (18) 2001-2006, 2008-2009, 2010-2012
0%
101 Ali Elkhattabi FW 145 53 (13) 2000-2006
0%
49 Anouar Hadouir MF, FW 303 41 (42) 2002-2010, 2012-2013, 2016-2019
0%
64 Barry van Galen MF 160 31 (45) 2000-2006
0%
167 Ben Rienstra DF, MF 317 28 (22) 2010-2023
0%
132 Brandley Kuwas MF, FW 130 25 (31) 2015-2019
0%
68 Cedric van der Gun MF, FW 224 53 (23) 2000-2004, 2006-2008, 2011-2014
0%
119 Demy de Zeeuw MF 190 25 (34) 2005-2010, 2014-2015
0%
174 Geert den Ouden FW 163 41 (9) 2002-2003, 2004-2009
0%
69 Gerald Sibon FW 163 53 (23) 2002-2005, 2007-2009, 2011-2012
0%
130 Glen Salmon FW 189 44 (13) 2000-2007
0%
111 Igor Gluščević FW 158 53 (8) 2000-2002, 2004-2008
0%
154 Iliass Bel Hassani MF, FW 196 27 (25) 2013-2019, 2021-2023
0%
165 Jonathan de Guzmán MF 163 26 (24) 2005-2009, 2022-2025
0%
131 Marko Vejinović MF 240 24 (32) 2008-2018, 2020-2021, 2023-2024
0%
59 Mats Seuntjens MF, FW 299 38 (39) 2011-2014, 2016-2018, 2020-2025
0%
143 Mika Nurmela MF 120 20 (34) 2000-2002, 2005-2006
0%
80 Mimoun Mahi MF, FW 180 49 (23) 2014-2018, 2020-2023
0%
147 Orlando Engelaar DF, MF 239 38 (16) 2000-2004, 2006-2007, 2009-2012, 2014-2015
0%
144 Romeo Castelen MF, FW 136 28 (26) 2003-2006, 2013-2014, 2017-2018
0%
135 Ruben Schaken MF, FW 199 21 (34) 2009-2017
0%
46 Rydell Poepon MF, FW 242 64 (21) 2006-2013, 2015-2016
0%
74 Saïd Boutahar MF 241 44 (29) 2001-2010
0%
62 Sander van de Streek MF, FW 237 57 (20) 2014-2015, 2017-2023
0%
125 Sérgio Oliveira MF 171 40 (18) 2000-2006
0%
127 Simon Gustafson MF, FW 146 32 (25) 2015-2022
0%
112 Thomas Bruns MF, FW 309 34 (26) 2010-2020, 2023-2025
0%
172 Thomas Buffel MF, FW 80 34 (16) 2002-2005
0%
137 Wesley Verhoek MF, FW 199 24 (31) 2004-2006, 2008-2015
0%
166 Youness Mokhtar MF, FW 159 27 (23) 2012-2014, 2016-2017, 2020-2021
0%
87 Youssouf Hersi MF 248 47 (22) 2000-2008, 2010-2011
0%
65 Yuri Cornelisse FW 243 39 (37) 2000-2006, 2008-2010
0%
No matching quizzes found
Score Distribution
Percent of People with Each Score
Percentile by Number Answered
Your Score History
You have not taken this quiz